[Event "Leipzig VfB op 09th"]
[Site "Leipzig"]
[Date "2002.03.09"]
[Round "8"]
[White "Ziese, Gerhard"]
[Black "Bernhard, Torsten"]
[Result "1-0"]
[WhiteElo "2142"]
[BlackElo "1812"]
[PlyCount "59"]
[EventDate "2002.03.05"]
[EventType "swiss"]
[EventRounds "9"]
[EventCountry "GER"]
[SourceTitle "EXT 2007"]
[Source "ChessBase"]
[SourceDate "2006.11.23"]
[SourceVersion "1"]
[SourceVersionDate "2006.11.23"]
[SourceQuality "1"]

1. d4 Nf6 2. c4 e6 3. Nf3 d5 4. Bg5 h6 5. Bxf6 Qxf6 6. e3 Bb4+ 7. Nbd2 0-0 8. a3 Bxd2+ 9. Qxd2 Nc6 10. Qc3 Bd7 11. Bd3 dxc4 12. Bxc4 Rfc8 13. 0-0 Ne7 14. Ne5 Be8 15. b4 Ng6 16. f4 Nxe5 17. fxe5 Qg5 18. Rf3 Bc6 19. Rg3 Qh4 20. Rf1 Rf8 21. Qe1 Kh8 22. Qe2 Rae8 23. Rf4 Qe7 24. Qh5 f5 25. Rg6 Qd7 26. Rh4 Rf7 27. Bd3 Ree7 28. Rxh6+ gxh6 29. Qxh6+ Rh7 30. Qf8# 1-0

[Event "Leipzig VfB op 09th"]
[Site "Leipzig"]
[Date "2002.03.08"]
[Round "6"]
[White "Bernhard, Torsten"]
[Black "Bielmeier, Ludwig"]
[Result "1-0"]
[WhiteElo "1812"]
[BlackElo "2169"]
[PlyCount "77"]
[EventDate "2002.03.05"]
[EventType "swiss"]
[EventRounds "9"]
[EventCountry "GER"]
[SourceTitle "EXT 2007"]
[Source "ChessBase"]
[SourceDate "2006.11.23"]
[SourceVersion "1"]
[SourceVersionDate "2006.11.23"]
[SourceQuality "1"]

1. e4 c6 2. d4 d5 3. e5 Na6 4. Nf3 g6 5. c3 Nc7 6. Bd3 h5 7. Nh4 Be6 8. f4 Qd7 9. Be3 0-0-0 10. Qa4 Kb8 11. Nd2 Nh6 12. Qc2 Nf5 13. Nxf5 Bxf5 14. b4 Bh6 15. Nb3 Bxd3 16. Qxd3 Qg4 17. 0-0 Ne6 18. b5 Rc8 19. Na5 c5 20. dxc5 d4 21. cxd4 Bxf4 22. Rad1 Rhd8 23. h3 Bxe3+ 24. Qxe3 Qh4 25. Qf3 Rc7 26. Nb3 Nxd4 27. Nxd4 Rxd4 28. g3 Qe4 29. Qxe4 Rxe4 30. Rxf7 Rxe5 31. b6 Rc8 32. Rd7 axb6 33. cxb6 Re6 34. Rfxe7 Rc1+ 35. Kf2 Rf6+ 36. Ke2 Rxb6 37. Rd2 Rh1 38. Kf3 Rxh3 39. Kg2 1-0

[Event "Leipzig VfB op 08th"]
[Site "Leipzig"]
[Date "2001.02.22"]
[Round "5"]
[White "Baer, Soeren"]
[Black "Bernhard, Torsten"]
[Result "1-0"]
[WhiteElo "2024"]
[BlackElo "1791"]
[PlyCount "101"]
[EventDate "2001.02.20"]
[EventType "swiss"]
[EventRounds "9"]
[EventCountry "GER"]
[SourceTitle "EXT 2008"]
[Source "ChessBase"]
[SourceDate "2007.11.25"]
[SourceVersion "1"]
[SourceVersionDate "2007.11.25"]
[SourceQuality "1"]

1. d4 Nf6 2. c4 e6 3. Nf3 d5 4. g3 c5 5. cxd5 cxd4 6. dxe6 Bxe6 7. Qxd4 Qc8 8. Nc3 Bc5 9. Qd1 Bh3 10. e3 0-0 11. Qe2 Nc6 12. a3 Re8 13. Bd2 Bg4 14. Bg2 Nd4 15. Qd1 Qd7 16. h3 Nxf3+ 17. Bxf3 Bxh3 18. Qa4 Qf5 19. Qf4 Qxf4 20. gxf4 Bf5 21. b4 Bd6 22. Bxb7 Rab8 23. Bc6 Bd7 24. Bxd7 Nxd7 25. 0-0 Re6 26. Kg2 Rg6+ 27. Kf3 Be7 28. Nd5 Rd8 29. e4 Rd6 30. Be3 f5 31. Bxa7 fxe4+ 32. Kxe4 Ra8 33. Bd4 Bh4 34. Be5 Re8 35. Rad1 Ra6 36. Nc7 Nf6+ 37. Kd4 Rd8+ 38. Kc4 Rxd1 39. Rxd1 Rxa3 40. Rd8+ Kf7 41. Rd2 Rf3 42. b5 Bxf2 43. Rd6 Ra3 44. Ra6 Rxa6 45. bxa6 Nd7 46. Bd4 Nb6+ 47. Kc5 Bxd4+ 48. Kxd4 Nc8 49. Kc5 g6 50. Nb5 h5 51. Nd6+ 1-0